[Event "Enghien les Bains 3rd"]
[Site "Enghien les Bains"]
[Date "1999.03.10"]
[Round "7"]
[White "Bauer, Christian"]
[Black "Rausis, Igors"]
[Result "0-1"]
[WhiteElo "2528"]
[BlackElo "2508"]
[Annotator "Finkel,A"]
[PlyCount "100"]
[EventDate "1999.03.03"]
[EventType "tourn"]
[EventRounds "9"]
[EventCountry "FRA"]
[EventCategory "15"]
[SourceTitle "CBM 070"]
[Source "ChessBase"]
[SourceDate "1999.06.08"]
[SourceVersion "1"]
[SourceVersionDate "1999.06.08"]
[SourceQuality "1"]

1. d4 e6 2. e4 d5 3. Nd2 dxe4 4. Nxe4 Nd7 5. Nf3 Ngf6 6. Nxf6+ Nxf6 7. Bd3 c5
8. dxc5 Bxc5 9. Qe2 O-O 10. O-O h6 (10... b6 11. Bg5 (11. Bf4 Bb7 12. Rad1 Qe7
13. Ne5 Rfd8 14. c3 h6 15. Rd2 Nd5 16. Bg3 Qg5 $13 {Korneev,O-Hoffman,A/
Elgoibar 1996 (36)}) 11... Bb7 12. Rad1 Qc7 13. Bxf6 $5 (13. Ne5 $5 Be7 (13...
Nd5 $6 14. c4 Ne3 15. Bxh7+ Kxh7 16. Qh5+ Kg8 17. Bxe3 Bxe3 18. fxe3 $16 {
Slobodjan,R-Teske,H/GER-ch 1995 (29)}) 14. Nd7 Nxd7 15. Bxe7 Rfe8 16. Bg5 Nc5
17. Bb5 Bc6 18. Bxc6 $14) 13... gxf6 14. Be4 Bxe4 15. Qxe4 Rfd8 {Another
equaly good continuation is} (15... Rad8 $5 16. g3 Rxd1 17. Rxd1 Rd8 18. Rd3
Kg7 19. Kf1 Rxd3 20. Qxd3 Qd6 $11 {with balanced position;Gross,S-Jirovsky,M/
CZE-chT 9697 1997 (64)}) 16. c3 b5 $5 (16... Rxd1 {Finkel,A} 17. Rxd1 Rd8 18.
Rxd8+ Qxd8 19. g3 f5 20. Qe2 a5 $11) 17. g3 a5 $13 {Bauer,C-Speelman,J/
Escaldes zt 1998 (74)}) 11. b3 (11. Bf4 Bd7 12. Ne5 Bc6 13. Nxc6 bxc6 14. Rad1
Qb6 15. Be5 Be7 16. c4 $14 {Kaiumov,D-Sobhani,F/Asian Teams, Genting Highlands
MAS 1998 (34)}) (11. Ne5 Qc7 12. Re1 Bd6 13. Bf4 b6 14. Rad1 Bb7 15. Bg3 Rfd8
$132 {Himmel,H-Luecke,N/BL9495 1995 (44)}) 11... b6 12. Bb2 Bb7 13. Rad1 Qe7
14. Ne5 Rad8 15. Rfe1 Rd5 16. Bc4 (16. c4 $5) 16... Ne4 $5 {Let the battle
begin!With his last move black started sharp tactical battle with unclear
consequances.} 17. Ng4 ({Of course not} 17. Bxd5 $6 Bxf2+ 18. Kh1 exd5 19. Qh5
(19. Rf1 f6 (19... Qh4) 20. c4 fxe5 21. cxd5 Rf4 $1 $19) (19. Nf3 Bxe1 20. Qxe1
$17) 19... Bxe1 20. Rxe1 Qc5 21. Nd3 (21. Nd7 Nf2+ 22. Kg1 Nh3+ 23. Kh1 Qg1+ $1
24. Rxg1 Nf2#) 21... Qxc2 22. Qe5 f6 23. Qe6+ Kh8 $19 {and black has decisive
advantage in all varioations.}) (17. Nd3 $2 Rxd3 $1) 17... Nxf2 $5 {Brave
decision.Nothing promises} (17... Rxd1 18. Rxd1 Qg5 19. Bd4 (19. Bc1 $5) 19...
Bxd4 20. Rxd4 Nc3 21. Qe3 Qxe3 22. fxe3 $11 {and the position is about equal.})
(17... Rg5 $5) 18. Nxf2 Rg5 19. g4 $8 (19. g3 Qc7 $1 {[%csl Rg3]} 20. Kf1 (20.
Be5 Qc6 {[%csl Rg2]} 21. Bd5 exd5 $17) 20... Rf5 21. Bd4 Qc6 {[%csl Rg2]} 22.
Qe3 Qg2+ 23. Ke2 Bf3+ 24. Kd3 Rd8) (19. Bd4 Rxg2+ 20. Kf1 Qg5 21. Qe5 Bxd4 22.
Qxd4 Rxh2 $17) 19... Qc7 20. Bd4 Qc6 21. Ne4 Re5 22. Bxc5 $5 ({Very serious
attention deserved} 22. b4 $5 Qc7 $1 23. Qf2 $1 (23. bxc5 $2 Rxe4 24. Be3 Rxc4
$1 25. Qxc4 Qc6 $19) 23... Bxb4 $8 (23... Rxe4 24. Rxe4 Bxb4 25. Be5 Qc5 26.
Qxc5 Bxc5+ 27. Red4 $18) 24. Bxe5 Qxe5 25. Nd2 Qg5 $1 $13 {and the arising
position is probably better for white,but to play it in the game demands very
strong nerves!}) 22... bxc5 23. c3 (23. Bd3 $5 c4 $6 (23... f5 24. gxf5 exf5
25. Qh5 Kh8 (25... Rfe8 26. Bb5 $1 Qxb5 27. Nf6+ gxf6 28. Qg6+ Kh8 29. Qxh6+
Kg8 30. Qg6+ Kh8 31. Qxf6+ Kh7 32. Qf7+ $11 (32. Rxe5 Rg8+ 33. Kf2 Rg2+ 34. Ke1
Qb4+ $19) 32... Kh8) 26. Rf1 Rxe4 27. Bxe4 Qxe4 $36) 24. Bxc4 (24. bxc4 f5 $15)
24... Qb6+ 25. Qf2 Rxe4 26. Rxe4 Qxf2+ 27. Kxf2 Bxe4 28. c3 $14) 23... Rb8 $5
24. Qc2 $2 {Giving up a piece an entering the endgame with very small chanses
of survival.Why not} (24. Bd3 $1 c4 $5 (24... f5 $6 25. gxf5 exf5 26. Qh5 Rxe4
(26... Qe8 27. Bc4+ Kh8 28. Qxe8+ Rbxe8 29. Bf7 $16) 27. Bxe4 fxe4 28. c4 $16)
25. Bxc4 Rxe4 26. Qxe4 Qxe4 27. Rxe4 Bxe4 28. Kf2 $14) 24... Rxe4 25. Qxe4 Qxe4
26. Rxe4 Bxe4 $17 27. Kf2 (27. Rd7 Rb7 28. Rd8+ Kh7 29. Rc8 Bb1 30. a3 Ba2 31.
Rxc5 Bxb3 $17) 27... Kf8 28. Ke3 Bc6 29. Rd6 Be8 (29... Rb6 $5) 30. Ra6 Rb7 31.
h4 g5 $1 {[%csl Rg4] Strong move,fixing the pawn on g4.} 32. hxg5 hxg5 33. a3
Rc7 34. Bd3 Bd7 35. Ra5 f5 {Black has consolidated the position and now is the
time for some active moves!} (35... Ke7 36. b4 f5 37. bxc5 f4+ 38. Kd2 Bc6 $17)
36. b4 (36. gxf5 exf5 37. b4 Ke7 38. Rxc5 Rxc5 39. bxc5 Kf6 40. Kd4 Bc6 $19)
36... f4+ 37. Kd2 Ke7 38. bxc5 Bc6 $1 39. a4 Kf6 40. Ra6 Bf3 $19 {[%csl Rc5,
Rg4] All white's pawns are weak and one by one they fall the preys of black
pieces.} 41. Be2 (41. Bf5 Rc6 42. Rxc6 Bxc6 43. Bd3 Bf3 $19) 41... Bxe2 42.
Kxe2 Rxc5 43. Rxa7 Rxc3 44. a5 Ra3 (44... Rg3 $5 45. a6 Rxg4 46. Ra8 Rg2+ 47.
Kf3 Rg3+ 48. Kf2 Ra3 $19) 45. a6 Ke5 46. Rg7 Rxa6 47. Rxg5+ Ke4 48. Rg6 Ra2+
49. Ke1 e5 50. Rg5 f3 0-1

[Event "Manhattan March Int"]
[Site "New York"]
[Date "1999.03.06"]
[Round "2"]
[White "Ady, Jonathan James"]
[Black "Kacheishvili, Giorgi"]
[Result "1/2-1/2"]
[WhiteElo "2412"]
[BlackElo "2570"]
[Annotator "Finkel,A"]
[PlyCount "65"]
[EventDate "1999.03.05"]
[EventType "tourn"]
[EventRounds "9"]
[EventCountry "USA"]
[EventCategory "10"]
[SourceTitle "CBM 070"]
[Source "ChessBase"]
[SourceDate "1999.06.08"]
[SourceVersion "1"]
[SourceVersionDate "1999.06.08"]
[SourceQuality "1"]

1. e4 e6 2. d4 d5 3. Nc3 dxe4 4. Nxe4 Nd7 5. Nf3 Ngf6 6. Nxf6+ Nxf6 7. Bd3 c5
8. dxc5 Bxc5 9. O-O O-O 10. a3 $5 {Rare continuation promising white nothing
special.} (10. Qe2 h6 (10... b6 11. Bg5 Bb7 12. Rad1 Qc7 13. Ne5 (13. Bxf6 gxf6
14. Be4 Rad8 15. Bxb7 Qxb7 16. Nd2 f5 $11 {Ferguson,M-Kacheishvili,G/WchJM-U18
1995}) 13... Rfd8 (13... Nd5 $6 14. c4 Ne3 $2 15. Bxh7+ Kxh7 16. Qh5+ Kg8 17.
Bxe3 $16 {Herrera,I-Nogueiras,J/CUB-ch 1996 (22)}) 14. Rfe1 Rac8 15. c3 Be7 16.
Bf4 Bd6 17. Bg3 g6 $11 {De la Riva,O-Legky,N/IBM op 1997}) (10... Qc7 11. Ne5
b6 12. Bf4 Bb7 13. Rad1 Rad8 14. Bg3 Qc8 15. Bh4 Be7 16. Rfe1 Qc5 17. c4 $14 {
Herrera,I-Supatashvili,K/Erevan olm 1996 (29)}) 11. b3 b6 12. Bb2 Bb7 13. Rad1
Qe7 14. Ne5 Rad8 15. c4 Rd6 16. Bb1 Rxd1 17. Rxd1 Rd8 18. Rxd8+ Qxd8 19. h3 Qd6
{1/2-1/2 Nisipeanu,L-Negulescu,A/ROM-ch 1994}) (10. Bg5 Be7 11. Qe2 Qc7 12.
Rad1 Rd8 13. c4 Bd7 14. Bd2 Rac8 15. Bc3 Be8 16. Qc2 $14 {Maroczy,G-Rubinstein,
A/Karlsbad 1907 (40)}) 10... a5 11. Ne5 b6 12. Qf3 Qc7 13. Bf4 (13. Qxa8 $2 Bb7
14. Qxf8+ Kxf8 15. Bf4 (15. Nc4 Qc6 $19) 15... Bd6 16. Rfe1 Nh5 17. g3 g5 $19)
13... Bb7 (13... Nd5 $5) 14. Qh3 Bd6 $2 {Painfull blunder,which could cost
black a game!After simple} (14... Rfd8 $5 15. Rfe1 Rd5 16. Rad1 Rad8 $132 {
black easily solves remaining opening problems.}) 15. Ng4 $1 $36 {[%csl Rh7]}
Ne4 $8 16. Bxe4 Bxe4 17. Nf6+ $1 $16 {Another nice blow,winning an exchange.}
gxf6 18. Qg3+ {[%cal Gg3g8,Gg3d6]} Bg6 19. Bxd6 Qxc2 20. Bxf8 Rxf8 21. b3 $5 (
21. b4 $5) 21... Rc8 22. Qe3 $1 $18 {[%csl Rb6][%cal Ga1c1]} (22. h3 b5 $1 (
22... Rc3 $2 23. Qb8+ Kg7 24. Qxb6 Rxb3 25. Qxa5 $18) 23. Rac1 $5 (23. Kh2 $5
Rc3 24. Qf4 Kg7 $132) (23. Rad1 $5) 23... Qxc1 24. Rxc1 Rxc1+ 25. Kh2 {[%csl
Ra5,Rb5]} Kg7 26. Qb8 Ra1 $14) 22... Rc3 23. Qxb6 Be4 $5 {The last trap!} 24.
b4 $6 {And white falls into it!Not so convincing is} (24. f3 Bd3 25. Rfe1 (25.
Rf2 Qc1+ $1 26. Rf1 Qc2) 25... Rxb3 26. Qf2 Qxf2+ 27. Kxf2 a4 28. Re3 Rb2+ 29.
Kg3 $16 {,but after correct}) (24. Rfe1 $1 Rxb3 25. Qxa5 Rb2 26. Qd8+ Kg7 27.
Qd4 $18 {black iss totally lost.}) 24... Bxg2 $1 {Of course!} 25. Kxg2 $2 {
Accepting the draw,but even now white kept good winning chanses:} (25. Qb8+ $6
Kg7 26. Kxg2 Qg6+ 27. Kh1 Qe4+ 28. f3 Rxf3 29. Rxf3 Qxf3+ 30. Kg1 Qe3+ 31. Kg2
Qe4+ 32. Kh3 Qf5+ $11) (25. Rfc1 $1 Qb2 (25... Qg6 $2 26. Qb8+ $1 Kg7 27. Rxc3
Bf3+ 28. Qg3 $18) (25... Qd2 26. Rxc3) 26. Rcb1 $1 Qe2 27. Qb8+ Kg7 28. Kxg2
Qg4+ 29. Kf1 Qc4+ 30. Kg1 Qg4+ 31. Qg3 Rxg3+ 32. hxg3 axb4 33. Rxb4 $16) 25...
Qg6+ $11 26. Kh1 Qe4+ 27. f3 Rxf3 28. Qb8+ Kg7 29. Rxf3 Qxf3+ 30. Kg1 Qe3+ 31.
Kg2 {White king can't escape the chacks without losing a rook on a1 so...} Qe4+
32. Kh3 Qf5+ 33. Kg2 1/2-1/2

[Event "Escaldes zt"]
[Site "Escaldes"]
[Date "1998.11.06"]
[Round "1"]
[White "Bauer, Christian"]
[Black "Speelman, Jonathan S"]
[Result "1-0"]
[WhiteElo "2490"]
[BlackElo "2600"]
[Annotator "Finkel,A"]
[PlyCount "149"]
[EventDate "1998.11.06"]
[EventType "swiss"]
[EventRounds "9"]
[EventCountry "AND"]
[SourceTitle "CBM 068"]
[Source "ChessBase"]
[SourceDate "1999.02.01"]
[SourceVersion "1"]
[SourceVersionDate "1999.02.01"]
[SourceQuality "1"]

{[%mdl 14384]} 1. d4 {Hecht.} e6 2. e4 d5 3. Nd2 dxe4 4. Nxe4 Nd7 5. Nf3 Ngf6
6. Nxf6+ Nxf6 7. Bd3 c5 8. dxc5 Bxc5 9. Qe2 O-O 10. O-O (10. Bg5 h6 (10... Qa5+
11. c3 Be7 (11... Qc7 $5 12. Bxf6 gxf6 13. O-O-O b6 14. Qe4 f5 15. Qh4 Be7 16.
Qh6 Kh8 $132 {Fedorov,A-Doroshkievich,V/St.Petersburg op 1994 (34)}) 12. Ne5
Qc7 13. O-O Rd8 14. Rad1 h6 15. Bf4 Bd6 16. Bg3 Bd7 $11 {Rublevsky,
S-Anastasian,A/EUCup Gr5 1993 (34)}) 11. Bd2 b6 12. O-O-O Bb7 13. Kb1 Qd5 $5
14. Rde1 Qh5 15. Rhg1 Ng4 $5 $13 16. Ref1 Bd6 17. Bc3 Rac8 18. h3 Nh2 19. Nxh2
{1/2-1/2 Milu,R-Negulescu,A/ROM-ch 1992}) (10. Bd2 b6 11. O-O-O Bb7 12. Kb1 Qc7
13. Ne5 b5 14. Rhe1 b4 15. f4 a5 $132 {Zarnicki,P-Hoffman,A/ARG-ch 1995 (37)})
10... b6 (10... h6 11. Bf4 (11. Ne5 Qc7 12. Re1 Bd6 13. Bf4 b6 14. Rad1 Bb7 15.
Bg3 Rfd8 $132 {Himmel,H-Luecke,N/BL9495 1995 (44)}) 11... Bd7 12. Ne5 Bc6 13.
Nxc6 bxc6 14. Rad1 Qb6 15. Be5 Be7 16. c4 $14 {Kaiumov,D-Sobhani,F/Asian Teams,
Genting Highlands MAS 1998 (34)}) 11. Bg5 (11. Bf4 Bb7 12. Rad1 Qe7 13. Ne5
Rfd8 14. c3 h6 15. Rd2 Nd5 16. Bg3 Qg5 $13 {Korneev,O-Hoffman,A/Elgoibar 1996 
(36)}) 11... Bb7 12. Rad1 Qc7 13. Bxf6 $5 {Qiuet logical,but absolutely
harmless continuation;more ambitious is} (13. Ne5 $5 Be7 (13... Nd5 $6 14. c4
Ne3 15. Bxh7+ Kxh7 16. Qh5+ Kg8 17. Bxe3 Bxe3 18. fxe3 $16 {Slobodjan,R-Teske,
H/GER-ch 1995 (29)}) 14. Nd7 Nxd7 15. Bxe7 Rfe8 16. Bg5 Nc5 17. Bb5 Bc6 18.
Bxc6 $14) 13... gxf6 14. Be4 Bxe4 15. Qxe4 Rfd8 {Another equaly good
continuation is} (15... Rad8 $5 16. g3 Rxd1 17. Rxd1 Rd8 18. Rd3 Kg7 19. Kf1
Rxd3 20. Qxd3 Qd6 $11 {with balanced position;Gross,S-Jirovsky,M/CZE-chT 9697
1997 (64)}) 16. c3 b5 $5 {Black decides to play for a win,that is why he
deviates from exchanging the rooks over the c-file.} (16... Rxd1 17. Rxd1 Rd8
18. Rxd8+ Qxd8 19. g3 f5 20. Qe2 a5 $11) 17. g3 a5 18. Kg2 b4 19. Rc1 Qb6 20.
c4 a4 21. Rcd1 b3 22. Qg4+ Kf8 23. a3 Qc7 $5 (23... Rxd1 24. Rxd1 Rd8 (24...
Bxf2 $2 25. Qe4 {[%cal Ge4a8,Ge4h7]} Rb8 (25... Rc8 26. Qxh7 Ke7 27. Ne5 $1
Qb7+ (27... fxe5 $2 28. Qh4+ f6 29. Qh7+ Kf8 30. Rd7 $18) 28. Kxf2 fxe5 29.
Qh4+ Ke8 30. Qh8+ Ke7 31. Qxe5 $16) 26. Qxh7 {[%cal Gd1d7]} Ke7 27. Nh4 Bd4 28.
Ng6+ Kd6 29. Qxf7 $16) 25. Rxd8+ Qxd8 26. Qe4 {[%csl Ra4][%cal Ge4h7,Ge4c6]}
Kg7 27. Qc6 Qa5 $132 {[%csl Rf2][%cal Ga5a7]}) 24. Qe4 Kg8 25. Rfe1 Rac8 26.
Qh4 Qe7 27. Qh6 Kh8 (27... Rxd1 28. Rxd1 Rd8 29. Re1 {[%csl Rg8][%cal Ge1e4,
Ge4g4]} Kh8 30. Re4 Rg8 31. Rh4 Rg7 32. Qd2 $14) 28. Re4 Rg8 29. Nh4 (29. Rh4
$5) 29... Qf8 30. Qxf6+ Qg7 31. Qxg7+ Kxg7 $44 {[%csl Rb2]} 32. Nf3 Rgd8 33.
Rxd8 Rxd8 34. Kf1 Be7 35. Re1 (35. Ne5 $2 Rd2 36. Re2 Rxe2 37. Kxe2 Bxa3 $1 {
[%cal Gb3b2]} 38. Nd3 Bxb2 $1 $19 {[%cal Ga4a1]}) 35... Bf6 36. Rb1 Rc8 37. Nd2
Bd4 38. Ke2 e5 39. g4 Kg6 40. Kf3 f5 41. gxf5+ Kxf5 42. h3 h5 43. Ne4 Ke6 44.
c5 Rc7 45. Ke2 Kd5 46. Nf6+ Ke6 47. Ne4 Kd5 48. Nf6+ Kc6 49. Ne4 Rf7 50. f3 Rg7
51. Kd3 Rg2 52. Nc3 Bxc3 $6 (52... Rg3 53. Nxa4 Kb5 $1 (53... Rxf3+ 54. Kc4
Rxh3 55. Rf1 Bxc5 56. Nxc5 Rh4+ 57. Kxb3 Kxc5 58. Re1 $13) 54. Nc3+ Bxc3 55.
bxc3 (55. Kxc3 Rxf3+ 56. Kd2 Kxc5 $17 {[%cal Gc5d4,Ge5e3]}) 55... Rxf3+ 56. Kd2
Kc4 (56... Kxc5 57. Rxb3 Rxh3 58. a4 $11) 57. c6 Rd3+ 58. Ke2 Rd6 59. c7 Rc6
$17) 53. Kxc3 Kxc5 54. Re1 Rc2+ (54... Kd5 $5) 55. Kd3 Kd5 (55... Rxb2 56.
Rxe5+ Kd6 57. Ra5 Rf2 58. Ke3 b2 59. Rb5 Rg2 60. h4 Kc6 61. Rb4 $11) 56. Re2
Rc4 $4 {Incredible blunder! Hecht: '[#] Dieser Fehler kostet Speelman Kopf und
Kragen; möglicherweise hat er den xx.f4 übersehen oder sich verzählt.'} (56...
Rxe2 $11 {Hecht}) 57. Rxe5+ Kxe5 58. Kxc4 h4 59. Kb4 (59. Kd3 $2 {Hecht} Kf4
60. Ke2 Kg3 61. Ke3 Kxh3 62. Kf2 Kh2 63. f4 h3 64. f5 Kh1 65. f6 h2 66. f7 {
patt}) 59... Kf4 60. Kxa4 Kg3 61. f4 {'!' Hecht. Hecht: 'Behält verbundene
Freibauern und ist jedenfalls praktischer als:'} (61. Kxb3 {Hecht} Kxh3 62. a4
Kg3 63. a5 h3 64. a6 h2 65. a7 h1=Q 66. a8=Q Qd1+ 67. Ka2 $18) 61... Kxh3 62.
f5 Kg4 63. f6 h3 64. f7 h2 65. f8=Q h1=Q 66. Qg8+ Kf5 67. Qf7+ Ke5 68. Kxb3 {
Hecht: 'Der Rest ist Sacher der Technik.'} Kd6 69. Qc4 Kd7 70. a4 Qe1 71. Qd4+
Ke6 72. Ka2 Qe2 73. a5 Ke7 74. Ka3 Ke8 75. a6 1-0

[Event "Fujitsu Siemens Giants"]
[Site "Frankfurt"]
[Date "2000.06.25"]
[Round "9"]
[White "Leko, Peter"]
[Black "Morozevich, Alexander"]
[Result "0-1"]
[WhiteElo "2725"]
[BlackElo "2748"]
[Annotator "Finkel,A"]
[PlyCount "74"]
[EventDate "2000.06.22"]
[EventType "tourn"]
[EventRounds "10"]
[EventCountry "GER"]
[EventCategory "21"]
[SourceTitle "CBM 078"]
[Source "ChessBase"]
[SourceDate "2000.10.18"]
[SourceVersion "1"]
[SourceVersionDate "2000.10.18"]
[SourceQuality "1"]

1. e4 e6 2. d4 d5 3. Nc3 Nc6 4. Nf3 Nf6 5. Bg5 Be7 6. e5 Ne4 7. Bxe7 Qxe7 8. a3
(8. Bd3 Qb4 (8... Nxc3 9. bxc3 Na5 10. O-O Bd7 11. a4 O-O 12. h4 h6 13. h5 b6
$13 {Pavlovic,Z-Praznik,N/SLO-chJM U18 1996}) 9. O-O (9. Bxe4 dxe4 10. a3 Qxb2
11. Nxe4 Qb5 12. Qd2 b6 13. O-O-O Ba6 14. Qc3 Qc4 15. Qb2 Qb5 16. Qc3 Qc4 17.
Qb2 {1/2-1/2 Votava,J-Lipka,J/Komercni Banka op 1996}) 9... Nxc3 10. bxc3 Qxc3
11. Rb1 Qa3 12. Ng5 g6 13. h4 Qe7 14. Qg4 b6 15. c4 dxc4 16. Be4 Bb7 17. Rfc1
h6 $15 {Castaner Halster,X-Moreno Ruiz,J/Vilanova op 1993}) 8... Bd7 (8... Nxc3
9. bxc3 Na5 10. Bd3 c5 (10... O-O 11. h4 f6 12. exf6 gxf6 13. Qe2 c5 14. Qe3 b6
15. O-O Bd7 $13 {Micic,S-Maksimovic,S/JUG-chW2 1996}) 11. O-O Bd7 12. Nd2 f5
13. exf6 gxf6 14. Re1 c4 15. Qh5+ Kd8 16. Bf5 Qd6 17. Bh3 Kc7 18. Qh6 $14 {
Sevtsenko,R-Neff,S/EST-chT 1996}) (8... O-O 9. Qd3 f5 10. exf6 Nxf6 11. O-O-O
Bd7 12. Be2 Rab8 13. Rhf1 b5 14. Nb1 b4 $132 {Stripunsky,A-Kengis,E/Katowice
op 1993}) 9. Bd3 (9. Qd3 Nxc3 10. Qxc3 f6 11. Qe3 O-O-O 12. c4 Rhf8 13. Bd3
fxe5 14. Nxe5 Nxe5 15. Qxe5 dxc4 16. Bxc4 Qf6 $11 {Westerinen,H-Bany,J/Porz
Citroen-Cup 1990}) 9... Ng5 $5 {Once again we see Morozevich taking the risk
to play the positions that the modern theory considers to be dubious and
proving that it's possible not only to play them on the highest level,but to
win against the world top players.} (9... Nxc3 10. bxc3 Na5 11. O-O c5 12. dxc5
Rc8 13. Nd4 Rxc5 14. f4 g6 15. Qe1 O-O 16. g4 $36 {Martin Gonzalez,A-Gamez
Cenzano,A/ESP-chT 1994}) 10. Be2 ({May be better was} 10. Ng1 $5 f6 (10... Nxd4
11. h4 f6 12. hxg5 fxe5 13. Qd2 $18) 11. f4 Nf7 12. Nf3 g5 13. g3 (13. exf6 $6
Qxf6 14. fxg5 Nxg5 15. Nxg5 Qxg5 $15) 13... gxf4 14. gxf4 fxe5 15. dxe5 O-O-O
16. Qd2 $14 {,but also in this case black gets sufficient counterchanses.})
10... Nxf3+ 11. Bxf3 f6 $132 12. exf6 Qxf6 13. Ne2 O-O-O 14. O-O h5 $1 {
Black is not satisfied with equality after} (14... e5 15. dxe5 (15. Bxd5 Nxd4
16. Nxd4 exd4 $11) 15... Nxe5 16. Bxd5 Bc6 17. Nc3 Bxd5 18. Nxd5 Qf7 19. c4
Nxc4 20. Qg4+ $11 {and seeks for more.}) 15. c3 g5 16. Nc1 g4 17. Be2 e5 $15
18. Nb3 (18. dxe5 Nxe5 19. Nd3 Ng6 20. Re1 Rdf8 $15) 18... Kb8 19. Bb5 $6 {
Permitting black to play e4,which proves to extremly dangerous for white.} (19.
dxe5 Nxe5 20. Qd4 (20. Nd4 c5 21. Nc2 Bc6 22. b4 d4 $1 23. cxd4 Nf3+ $1 24. Kh1
cxd4 $17) 20... Qg5 21. Nc5 Bc8 22. Kh1 h4 $15) 19... e4 $1 $15 20. Nc5 Bc8 21.
Qa4 Rd6 $1 {[%cal Gh5h4,Gg4g3]} 22. Rae1 h4 23. Re3 Rhd8 $5 {[%cal Gc6e7,Ge7f5]
} (23... Ne7 24. Bd7 Nf5 25. Bxf5 Qxf5 $15) 24. Bxc6 Rxc6 25. b4 Qg5 26. Rfe1
Rh6 27. c4 g3 $1 $17 {The decisive breakthrough} 28. cxd5 (28. fxg3 hxg3 29.
Rxg3 Qh4 $19 {[%csl Rh2]}) 28... gxh2+ 29. Kxh2 Rg8 30. Rg1 Qg3+ $1 $19 31. Kh1
(31. fxg3 hxg3#) 31... Qxf2 32. Rc3 h3 33. g3 h2 34. Rgc1 Rxg3 35. Rxg3 Qxg3
36. Rf1 Rg6 37. Nd7+ Ka8 0-1

[Event "Budapest zt 1.4"]
[Site "Budapest"]
[Date "2000.06.18"]
[Round "2"]
[White "Horvath, Csaba"]
[Black "Ionescu, Constantin"]
[Result "1/2-1/2"]
[WhiteElo "2519"]
[BlackElo "2446"]
[Annotator "Finkel,A"]
[PlyCount "64"]
[EventDate "2000.06.17"]
[EventType "swiss"]
[EventRounds "9"]
[EventCountry "HUN"]
[SourceTitle "CBM 078"]
[Source "ChessBase"]
[SourceDate "2000.10.18"]
[SourceVersion "1"]
[SourceVersionDate "2000.10.18"]
[SourceQuality "1"]

1. e4 e6 2. d4 d5 3. Nc3 dxe4 4. Nxe4 Bd7 5. Nf3 Bc6 6. Bd3 Nd7 7. O-O Ngf6 8.
Ned2 Be7 9. b3 a5 {This variation leads to long positional struggle and
demandss from both players a lot of patience while carrying out their
plans-espacially this patience is demanded from black becuase he has much less
space for manouvering and oftenly just has to stand on the place and whait for
white to do something.} (9... O-O 10. Bb2 b6 (10... a5 11. c4 a4 12. Qc2 h6 13.
Rad1 Qb8 {1/2-1/2 Stoica,V-Foisor,O/ROM-chT 1997}) (10... Re8 11. Re1 Bf8 12.
c4 g6 13. Qc2 Bxf3 14. Nxf3 c6 15. Bf1 $14 {Franzoni,G-Costa,J/SWZ-chT 1995}) (
10... Bxf3 11. Qxf3 c6 12. Nc4 Qc7 13. Ne5 Rfd8 14. Qh3 Nf8 15. Rad1 Nd5 16. c4
Nf6 17. f4 $36 {Jusic,Z-Pavlovic,R/CRO-chT 1994}) 11. Nc4 Bxf3 12. Qxf3 c5 13.
Ne5 Qc7 14. Nxd7 Nxd7 15. Qh3 $14 {Ptacnikova,L-Klimes,M/Plzen opJ 1995}) (9...
Bxf3 10. Nxf3 O-O 11. c4 c6 12. Qe2 Qc7 13. Bb2 Rfe8 14. Rad1 Rad8 15. Bb1 $14
{Rogers,I-Hug,W/Biel izt 1993}) 10. a3 O-O 11. c4 Re8 12. Qe2 Bxf3 13. Nxf3 c6
14. Bb2 Qc7 15. Rfe1 Bf8 16. Rad1 g6 17. Qc2 (17. Bb1 Bg7 18. Ne5 Nxe5 19. dxe5
Nd7 20. h4 Rad8 21. Bc2 Bf8 22. h5 Bc5 23. Rd3 $14 {Jansa,V-Voloshin,L/Ceske
Budejovice op 1993}) (17. h4 $5 Bg7 18. g3 Rad8 19. Kg2 c5 20. dxc5 Nxc5 21.
Bc2 $14) 17... Bg7 18. Bf1 Re7 19. g3 Ree8 20. Bg2 Ra7 21. Qd2 (21. h4 $5 Raa8
(21... b5 $2 22. Ne5 Nxe5 23. dxe5) 22. Re2 Rad8 23. Rde1 $14) 21... Rd8 22. d5
$6 {This breakthrough in the center leads to equality that's why white should
have waited with it.} cxd5 23. cxd5 exd5 (23... Nxd5 $2 {[%csl Ra7]} 24. Bxg7
Kxg7 25. Qd4+ N7f6 26. Qxa7 $18) 24. Rc1 Qd6 25. Nd4 Raa8 26. Nb5 Qb6 (26...
Qf8 $5 27. Nc7 (27. Rc7 $6 Nc5 28. Bxf6 Bxf6 29. Bxd5 Ne6 30. Rxb7 Nd4 $1 31.
Rxf7 (31. Bxf7+ $2 Qxf7 32. Rxf7 Nf3+ 33. Kg2 Rxd2 $19) 31... Nf3+ 32. Bxf3
Rxd2 33. Rxf8+ Rxf8 $11) 27... Rac8 28. Nxd5 Rxc1 29. Nxf6+ Nxf6 30. Qxc1 $14)
27. Nc7 (27. a4 $6 Nc5 28. Bd4 Nfe4 $1 29. Qe3 Bxd4 30. Qxd4 Rac8 $15) 27...
Rac8 28. Nxd5 Nxd5 29. Rxc8 Rxc8 30. Bxg7 Kxg7 31. Qxd5 (31. Bxd5 $5 Nf6 32.
Bc4 Qc5 33. a4 Rc7 $11) 31... Rc2 32. Rf1 Nc5 1/2-1/2